[Event "40 Obert Ciutat de Badalona 2014 B"]
[Site "Badalona ESP"]
[Date "2014.08.08"]
[Round "7.7"]
[White "Batista Perez, Carlos"]
[Black "Urrutia Mule, Oriol"]
[Result "0-1"]
[WhiteElo "2008"]
[BlackElo "1933"]
[PlyCount "73"]
[EventDate "2014.08.02"]
[EventType "swiss"]
[EventRounds "9"]
[EventCountry "ESP"]
[Source "lmi"]
[SourceDate "2014.08.02"]

1. d4 Nf6 2. Nf3 g6 3. c4 Bg7 4. Nc3 d6 5. h3 O-O 6. e4 e5 7. d5 a5 8. g4 Na6
9. Be3 b6 10. Be2 Nc5 11. Nd2 Ne8 12. g5 f5 13. h4 Nxe4 14. Ncxe4 fxe4 15. Bg4
Bxg4 16. Qxg4 Qc8 17. Qxe4 Qf5 18. O-O-O Bh8 19. h5 Ng7 20. hxg6 hxg6 21. Qh4
Nh5 22. Ne4 Bg7 23. Rdg1 Kf7 24. Bxb6 Nf4 25. Ng3 Qd3 26. Be3 Qxc4+ 27. Kb1
Qd3+ 28. Ka1 Nxd5 29. Rd1 Qb5 30. Qe4 Ne7 31. Qc2 Rab8 32. Bc1 Qc6 33. Qd2 Rb5
34. Qe2 Rc5 35. Ne4 Rc2 36. Qd3 Rh8 37. Rxh8 0-1

[Event "40 Obert Ciutat de Badalona 2014 B"]
[Site "Badalona ESP"]
[Date "2014.08.08"]
[Round "7.8"]
[White "Gonzalez Saguillo, Oriol"]
[Black "Ramal Mata, Rodrigo"]
[Result "0-1"]
[WhiteElo "1932"]
[BlackElo "2084"]
[PlyCount "50"]
[EventDate "2014.08.02"]
[EventType "swiss"]
[EventRounds "9"]
[EventCountry "ESP"]
[Source "lmi"]
[SourceDate "2014.08.02"]

1. Nf3 Nf6 2. d4 d6 3. c4 c5 4. dxc5 Qa5+ 5. Nc3 Qxc5 6. e4 Bd7 7. Be3 Qa5 8.
Nd2 g6 9. Nb3 Qc7 10. Be2 Bg7 11. f3 O-O 12. Qd2 Nc6 13. Bh6 a5 14. Bxg7 Kxg7
15. Nd5 Nxd5 16. Qxd5 a4 17. Nd2 Qb6 18. O-O-O Nb4 19. Qg5 f6 20. Qg3 Nxa2+ 21.
Kc2 Nb4+ 22. Kc3 e5 23. Nb1 Qe3+ 24. Bd3 Qd4+ 25. Kd2 Qxd3+ 0-1

[Event "40 Obert Ciutat de Badalona 2014 B"]
[Site "Badalona ESP"]
[Date "2014.08.08"]
[Round "7.9"]
[White "Tortosa Moros, Joan"]
[Black "Catarineu Navines, Federico"]
[Result "1/2-1/2"]
[WhiteElo "1941"]
[BlackElo "2075"]
[PlyCount "63"]
[EventDate "2014.08.02"]
[EventType "swiss"]
[EventRounds "9"]
[EventCountry "ESP"]
[Source "lmi"]
[SourceDate "2014.08.02"]

1. e4 d5 2. exd5 Nf6 3. d4 Nxd5 4. c4 Nb6 5. Nf3 g6 6. Nc3 Bg7 7. Be3 O-O 8.
Rc1 Nc6 9. h3 e5 10. d5 Ne7 11. a4 Nf5 12. Bc5 Re8 13. Ne4 Nd7 14. Bb4 Nf6 15.
Bd3 Nxe4 16. Bxe4 Nd4 17. O-O Nxf3+ 18. Bxf3 e4 19. Be2 Bxb2 20. Rb1 Be5 21. c5
Qg5 22. Bd2 Qh4 23. Bg4 f5 24. Be2 f4 25. Bg4 f3 26. Bxc8 fxg2 27. Kxg2 Raxc8
28. Rxb7 Rf8 29. Qg4 Qxg4+ 30. hxg4 Rfd8 31. Rxa7 Rxd5 32. Be3 1/2-1/2

[Event "40 Obert Ciutat de Badalona 2014 B"]
[Site "Badalona ESP"]
[Date "2014.08.08"]
[Round "7.10"]
[White "Romero Castejón, Daniel"]
[Black "Reginaldo Huix, Pere"]
[Result "1/2-1/2"]
[WhiteElo "1933"]
[BlackElo "2075"]
[PlyCount "56"]
[EventDate "2014.08.02"]
[EventType "swiss"]
[EventRounds "9"]
[EventCountry "ESP"]
[Source "lmi"]
[SourceDate "2014.08.02"]

1. e4 e6 2. d4 f5 3. exf5 exf5 4. Nf3 Nf6 5. Bd3 d5 6. Bg5 Be7 7. Bxf6 Bxf6 8.
O-O O-O 9. Re1 Nc6 10. c3 Re8 11. Rxe8+ Qxe8 12. Qb3 Be6 13. Nbd2 Na5 14. Qc2
Qd7 15. Re1 Nc4 16. Nxc4 dxc4 17. Bf1 g6 18. Ne5 Bxe5 19. Rxe5 Bf7 20. Qe2 Kf8
21. Qe3 Re8 22. f4 Bd5 23. Be2 h5 24. Kf2 c6 25. Bf3 Bxf3 26. Kxf3 Rxe5 27.
Qxe5 Qd5+ 28. Qxd5 cxd5 1/2-1/2

[Event "40 Obert Ciutat de Badalona 2014 B"]
[Site "Badalona ESP"]
[Date "2014.08.09"]
[Round "8.1"]
[White "Ferres Saez, Joan"]
[Black "Arribas Alvarez, Marti"]
[Result "1/2-1/2"]
[WhiteElo "1965"]
[BlackElo "1913"]
[PlyCount "61"]
[EventDate "2014.08.02"]
[EventType "swiss"]
[EventRounds "9"]
[EventCountry "ESP"]
[Source "lmi"]
[SourceDate "2014.08.02"]

1. e4 e6 2. d4 d5 3. e5 c5 4. c3 Nc6 5. Nf3 Qb6 6. a3 a5 7. Bd3 Bd7 8. Bc2 cxd4
9. cxd4 Nge7 10. O-O Nf5 11. Nc3 Ncxd4 12. Nxd4 Qxd4 13. Qe2 g6 14. Nb5 Qb6 15.
Ba4 Bc5 16. Nd6+ Bxd6 17. Bxd7+ Kxd7 18. exd6 Qxd6 19. b4 axb4 20. Qb5+ Qc6 21.
Qxb4 Ra4 22. Qb2 Rf8 23. Bd2 Rc4 24. Bb4 Nd6 25. Qg7 Rc8 26. Rad1 Rf4 27. g3
Rf5 28. Rc1 Qxc1 29. Rxc1 Rxc1+ 30. Kg2 Rc2 31. Be1 1/2-1/2

[Event "40 Obert Ciutat de Badalona 2014 B"]
[Site "Badalona ESP"]
[Date "2014.08.09"]
[Round "8.2"]
[White "Delgadillo Torrico, Felipe"]
[Black "Flores Liñan, Josep Luis"]
[Result "0-1"]
[WhiteElo "2053"]
[BlackElo "2016"]
[PlyCount "98"]
[EventDate "2014.08.02"]
[EventType "swiss"]
[EventRounds "9"]
[EventCountry "ESP"]
[Source "lmi"]
[SourceDate "2014.08.02"]

1. e4 c5 2. Nf3 d6 3. d4 cxd4 4. Nxd4 g6 5. Nc3 Bg7 6. Be3 Nc6 7. Qd2 Nf6 8.
Be2 Bd7 9. O-O-O h5 10. f3 Rc8 11. h3 h4 12. Kb1 Ne5 13. Bg5 Nc4 14. Bxc4 Rxc4
15. Nce2 Rh5 16. g4 hxg3 17. Nxg3 Rxd4 18. Qxd4 Rxg5 19. Ne2 Qa5 20. Nc1 Nh5
21. Qe3 Be6 22. Nb3 Bxb3 23. axb3 Qc5 24. Qd2 Qe5 25. c3 Nf4 26. Qe3 b6 27.
Rhf1 Rg2 28. Rf2 Rxf2 29. Qxf2 Qb5 30. Kc2 a5 31. Rd2 Qc5 32. Qh4 Qe3 33. Qg4
Ne6 34. h4 Bh6 35. f4 Qxe4+ 36. Kd1 Bxf4 37. Rd4 Qb1+ 38. Ke2 Qc2+ 39. Kf1 Be3
40. Qf3 Bxd4 41. Qa8+ Nd8 42. cxd4 Qc1+ 43. Ke2 Qxb2+ 44. Kf1 Qxd4 45. Qa6 Kf8
46. Qc8 Ke8 47. Qc7 Qd3+ 48. Kg2 Qxb3 49. Qc1 a4 0-1

[Event "40 Obert Ciutat de Badalona 2014 B"]
[Site "Badalona ESP"]
[Date "2014.08.09"]
[Round "8.3"]
[White "Alves Garcia, Eric"]
[Black "Ritter Aguilar, Jordi"]
[Result "0-1"]
[WhiteElo "1871"]
[BlackElo "2065"]
[PlyCount "60"]
[EventDate "2014.08.02"]
[EventType "swiss"]
[EventRounds "9"]
[EventCountry "ESP"]
[Source "lmi"]
[SourceDate "2014.08.02"]

1. d4 Nf6 2. c4 e6 3. Nf3 d5 4. Nc3 Bb4 5. Bd2 c5 6. cxd5 exd5 7. e3 O-O 8. a3
Bxc3 9. Bxc3 Ne4 10. Qc2 Bf5 11. Qb3 b6 12. dxc5 Nxc3 13. Qxc3 bxc5 14. Qxc5
Be4 15. Nd2 Bg6 16. g3 Qf6 17. Qxd5 Nc6 18. Rc1 Ne5 19. Be2 Rad8 20. Qb3 Rxd2
21. Kxd2 Rd8+ 22. Ke1 Nf3+ 23. Bxf3 Qxf3 24. Rg1 Bh5 25. Qc2 h6 26. b4 Bg4 27.
a4 g5 28. b5 Kg7 29. a5 Rc8 30. Qxc8 Qe2# 0-1

[Event "40 Obert Ciutat de Badalona 2014 B"]
[Site "Badalona ESP"]
[Date "2014.08.09"]
[Round "8.4"]
[White "Bru Gibert, Rafael"]
[Black "Urrutia Mule, Oriol"]
[Result "1-0"]
[WhiteElo "2026"]
[BlackElo "1933"]
[PlyCount "65"]
[EventDate "2014.08.02"]
[EventType "swiss"]
[EventRounds "9"]
[EventCountry "ESP"]
[Source "lmi"]
[SourceDate "2014.08.02"]

1. e4 c5 2. d4 cxd4 3. c3 dxc3 4. Nxc3 Nc6 5. Nf3 d6 6. Bc4 e6 7. O-O Nf6 8.
Qe2 Be7 9. Rd1 e5 10. Be3 O-O 11. a3 Bg4 12. h3 Bxf3 13. Qxf3 Rc8 14. Qe2 a6
15. Rac1 Qa5 16. g4 b5 17. Bd5 Rfd8 18. g5 Nd7 19. Qf3 Nf6 20. gxf6 Bxf6 21.
Bxc6 Rxc6 22. Nd5 Rxc1 23. Rxc1 Bh4 24. Bb6 Qd2 25. Rd1 Qg5+ 26. Qg4 Rc8 27.
Qxg5 Bxg5 28. Be3 Bh4 29. Rc1 Re8 30. Rc6 g6 31. Rxd6 Rc8 32. Rxa6 Rc2 33. b4
1-0

[Event "40 Obert Ciutat de Badalona 2014 B"]
[Site "Badalona ESP"]
[Date "2014.08.09"]
[Round "8.5"]
[White "Pallares Gurrea, Aitor Alexander"]
[Black "Palacios Peña, Gerardo"]
[Result "0-1"]
[WhiteElo "1956"]
[BlackElo "1993"]
[PlyCount "81"]
[EventDate "2014.08.02"]
[EventType "swiss"]
[EventRounds "9"]
[EventCountry "ESP"]
[Source "lmi"]
[SourceDate "2014.08.02"]

1. d4 d5 2. e3 Nf6 3. Bd3 Bg4 4. Ne2 e6 5. O-O Be7 6. Nd2 Nbd7 7. f3 Bh5 8. e4
Bg6 9. Nf4 c6 10. Qe2 Qc7 11. e5 Ng8 12. c4 Bg5 13. Nxg6 hxg6 14. f4 Be7 15. b3
Nh6 16. Bb2 Nb6 17. Rac1 Nf5 18. g4 Nh6 19. f5 gxf5 20. gxf5 O-O-O 21. c5 Nd7
22. b4 Nxf5 23. b5 Nb8 24. a4 g6 25. a5 Rh3 26. b6 axb6 27. cxb6 Qd7 28. a6 Re3
29. a7 Rxe2 30. Bxe2 Bg5 31. Bc3 Be3+ 32. Kh1 Rh8 33. Rxf5 gxf5 34. Bb4 Qd8 35.
Bd6 Rxh2+ 36. Kxh2 Qh4+ 37. Kg2 Qg5+ 38. Bg4 Qxg4+ 39. Kf1 Qg1+ 40. Ke2 Qf2+
41. Kd3 0-1

[Event "40 Obert Ciutat de Badalona 2014 B"]
[Site "Badalona ESP"]
[Date "2014.08.09"]
[Round "8.7"]
[White "Baltasar Diaz, Vicente"]
[Black "Malassagne, Gabriel"]
[Result "1-0"]
[WhiteElo "1932"]
[BlackElo "1734"]
[PlyCount "105"]
[EventDate "2014.08.02"]
[EventType "swiss"]
[EventRounds "9"]
[EventCountry "ESP"]
[Source "lmi"]
[SourceDate "2014.08.02"]

1. e4 c5 2. Nf3 Nc6 3. d4 cxd4 4. Nxd4 e5 5. Nb3 Nf6 6. Nc3 Bb4 7. Bg5 Na5 8.
Qf3 h6 9. Bxf6 Qxf6 10. Qxf6 gxf6 11. O-O-O Bxc3 12. bxc3 Nxb3+ 13. cxb3 Ke7
14. Bc4 Rg8 15. g3 d6 16. Rd3 Be6 17. Bd5 Bxd5 18. Rxd5 Rac8 19. c4 Rc5 20.
Rhd1 Rxd5 21. Rxd5 Rc8 22. Kd2 Ke6 23. g4 Rc6 24. Ke3 Ra6 25. a4 Rb6 26. Rb5
Rxb5 27. axb5 Kd7 28. Kf3 Ke7 29. Kg3 Kf8 30. f4 Kg7 31. h4 Kg6 32. Kf3 h5 33.
gxh5+ Kxh5 34. Kg3 b6 35. fxe5 fxe5 36. Kh3 Kh6 37. Kg4 Kg6 38. h5+ Kh6 39. Kh4
f5 40. exf5 e4 41. f6 e3 42. f7 Kg7 43. Kg3 e2 44. Kf2 e1=Q+ 45. Kxe1 Kxf7 46.
Kd2 Kg7 47. Kd3 Kh6 48. Kd4 Kxh5 49. Kd5 Kg5 50. Kxd6 Kf6 51. Kc7 Ke6 52. Kb7
Kd6 53. b4 1-0

[Event "40 Obert Ciutat de Badalona 2014 B"]
[Site "Badalona ESP"]
[Date "2014.08.09"]
[Round "8.8"]
[White "Reginaldo Huix, Pere"]
[Black "Tortosa Moros, Joan"]
[Result "1/2-1/2"]
[WhiteElo "2075"]
[BlackElo "1941"]
[PlyCount "100"]
[EventDate "2014.08.02"]
[EventType "swiss"]
[EventRounds "9"]
[EventCountry "ESP"]
[Source "lmi"]
[SourceDate "2014.08.02"]

1. d4 Nf6 2. e3 e6 3. Bd3 b6 4. f4 Bb7 5. Nf3 c5 6. c3 cxd4 7. exd4 Be7 8. O-O
O-O 9. Qe2 Re8 10. Nbd2 Bf8 11. Ne5 d6 12. Ng4 Nbd7 13. Nxf6+ Nxf6 14. Nf3 g6
15. Qf2 Ne4 16. Qc2 f5 17. Nd2 d5 18. Nf3 Bg7 19. Bd2 Rc8 20. Be1 Bf6 21. Qe2
Qe7 22. Ne5 Bxe5 23. fxe5 Red8 24. Bd2 Qg7 25. Bxe4 dxe4 26. Bg5 Rf8 27. Qe3
Qd7 28. Rae1 Qb5 29. Rf2 Qc4 30. a3 Qd3 31. Qf4 a5 32. Bh6 Rf7 33. h4 Kh8 34.
Re3 Qd1+ 35. Kh2 Qh5 36. Bg5 Rcf8 37. Rh3 Qg4 38. Qe3 f4 39. Qe2 Qxe2 40. Rxe2
f3 41. gxf3 exf3 42. Rf2 a4 43. Bf6+ Kg8 44. h5 Rxf6 45. exf6 Rxf6 46. hxg6
hxg6 47. Kg3 Kg7 48. Rfh2 Bd5 49. Rh7+ Kf8 50. Rc7 Rf7 1/2-1/2

[Event "40 Obert Ciutat de Badalona 2014 B"]
[Site "Badalona ESP"]
[Date "2014.08.09"]
[Round "8.9"]
[White "Martin Villanova, Jordi"]
[Black "Romero Castejón, Daniel"]
[Result "0-1"]
[WhiteElo "2062"]
[BlackElo "1933"]
[PlyCount "87"]
[EventDate "2014.08.02"]
[EventType "swiss"]
[EventRounds "9"]
[EventCountry "ESP"]
[Source "lmi"]
[SourceDate "2014.08.02"]

1. Nf3 Nc6 2. g3 e5 3. e4 Nf6 4. d3 Bc5 5. Bg2 d6 6. O-O O-O 7. Nc3 a6 8. Bg5
Be6 9. Nd5 Bxd5 10. exd5 Nb8 11. d4 exd4 12. Nxd4 h6 13. Be3 Nbd7 14. a3 Ne5
15. b4 Bb6 16. Nf5 Bxe3 17. Nxe3 Qd7 18. Qd4 Nfg4 19. Nxg4 Qxg4 20. f4 Nd7 21.
c4 b6 22. Qd3 Rae8 23. Bf3 Qh3 24. Rfe1 h5 25. Rac1 h4 26. Bg2 Qg4 27. Kf2 a5
28. Re3 Rxe3 29. Qxe3 axb4 30. axb4 Nf6 31. Qf3 hxg3+ 32. hxg3 Qf5 33. Qc3 Ra8
34. Qc2 Ng4+ 35. Ke1 Re8+ 36. Kd2 Qxc2+ 37. Rxc2 Ne3 38. Rc3 Nxg2 39. c5 bxc5
40. bxc5 dxc5 41. Rxc5 Ne3 42. Rxc7 Nxd5 43. Rd7 Nf6 44. Rd4 0-1

[Event "40 Obert Ciutat de Badalona 2014 B"]
[Site "Badalona ESP"]
[Date "2014.08.09"]
[Round "8.10"]
[White "Garcia Sanchez, Aitor"]
[Black "Cardenas, Fernando Adrian"]
[Result "1/2-1/2"]
[WhiteElo "1967"]
[BlackElo "2060"]
[PlyCount "106"]
[EventDate "2014.08.02"]
[EventType "swiss"]
[EventRounds "9"]
[EventCountry "ESP"]
[Source "lmi"]
[SourceDate "2014.08.02"]

1. e4 c5 2. Nf3 Nc6 3. d4 cxd4 4. Nxd4 Nf6 5. Nc3 e5 6. Nxc6 bxc6 7. Bc4 Be7 8.
O-O O-O 9. Qe2 Qb6 10. b3 Bb4 11. Na4 Qc7 12. Bb2 Re8 13. f4 d6 14. fxe5 dxe5
15. h3 Be6 16. Bxe6 Rxe6 17. Qc4 Rb8 18. Nc5 Qb6 19. Bd4 exd4 20. Nxe6 fxe6 21.
Qxe6+ Kh8 22. Rxf6 d3+ 23. Kh1 Bc3 24. Rff1 Bxa1 25. Rxa1 dxc2 26. Qc4 Qf2 27.
Rc1 Rd8 28. Rxc2 Rd1+ 29. Kh2 Qf4+ 30. g3 Qf3 31. Rg2 Qf6 32. Qa6 g6 33. Qc8+
Kg7 34. Qc7+ Kg8 35. Qb8+ Kf7 36. Qxa7+ Ke6 37. Rf2 Qa1 38. Qf7+ Kd6 39. Qf6+
Qxf6 40. Rxf6+ Ke5 41. Rxc6 Rd2+ 42. Kg1 Rxa2 43. Rc4 g5 44. b4 Rb2 45. Rc5+
Kxe4 46. Rxg5 Kf3 47. Rg4 h5 48. Rg5 Rxb4 49. Rxh5 Kxg3 50. Kf1 Rf4+ 51. Ke2
Re4+ 52. Kd3 Rh4 53. Rxh4 Kxh4 1/2-1/2

[Event "40 Obert Ciutat de Badalona 2014 B"]
[Site "Badalona ESP"]
[Date "2014.08.10"]
[Round "9.1"]
[White "Flores Liñan, Josep Luis"]
[Black "Ritter Aguilar, Jordi"]
[Result "0-1"]
[WhiteElo "2016"]
[BlackElo "2065"]
[PlyCount "71"]
[EventDate "2014.08.02"]
[EventType "swiss"]
[EventRounds "9"]
[EventCountry "ESP"]
[Source "lmi"]
[SourceDate "2014.08.02"]

1. d4 e6 2. Nf3 c5 3. g3 cxd4 4. Nxd4 e5 5. Nb3 d5 6. Bg2 Be6 7. O-O Nc6 8.
N1d2 e4 9. e3 Nf6 10. Nd4 Bg4 11. f3 exf3 12. Bxf3 Bh3 13. Nxc6 bxc6 14. Rf2
Bc5 15. Nb3 Bb6 16. Nd4 Rc8 17. c3 O-O 18. a4 Re8 19. b4 c5 20. bxc5 Rxc5 21.
Qd3 Qc8 22. Bd2 Nd7 23. Bg2 Ne5 24. Qe2 Bg4 25. Qf1 Nc4 26. Qd3 Nxe3 27. Re1
Nxg2 28. Rxe8+ Qxe8 29. Kxg2 Bh5 30. Nb3 Bg6 31. Qf1 Be4+ 32. Kh3 Qe6+ 33. g4
h5 34. Qe2 Rxc3+ 35. Bxc3 Bxf2 36. Bd4 0-1

[Event "40 Obert Ciutat de Badalona 2014 B"]
[Site "Badalona ESP"]
[Date "2014.08.10"]
[Round "9.2"]
[White "Arribas Alvarez, Marti"]
[Black "Bru Gibert, Rafael"]
[Result "0-1"]
[WhiteElo "1913"]
[BlackElo "2026"]
[PlyCount "60"]
[EventDate "2014.08.02"]
[EventType "swiss"]
[EventRounds "9"]
[EventCountry "ESP"]
[Source "lmi"]
[SourceDate "2014.08.02"]

1. e4 c5 2. Nf3 Nc6 3. d4 cxd4 4. Nxd4 Nf6 5. Nc3 e5 6. Nb3 Bb4 7. f3 d5 8. Bd3
dxe4 9. Bxe4 Bxc3+ 10. bxc3 Qxd1+ 11. Kxd1 Nxe4 12. fxe4 Bg4+ 13. Ke1 O-O-O 14.
Be3 b6 15. Kf2 Rd7 16. h3 Bh5 17. g4 Bg6 18. Kf3 Rhd8 19. a4 Rd6 20. Bg5 R8d7
21. a5 h6 22. Bh4 Nxa5 23. Nxa5 bxa5 24. Rxa5 Rc6 25. Ra3 Rc4 26. Re1 Rd2 27.
Re3 Rxc2 28. Be1 Rc7 29. h4 f6 30. h5 Bf7 0-1

[Event "40 Obert Ciutat de Badalona 2014 B"]
[Site "Badalona ESP"]
[Date "2014.08.10"]
[Round "9.3"]
[White "Palacios Peña, Gerardo"]
[Black "Ferres Saez, Joan"]
[Result "1-0"]
[WhiteElo "1993"]
[BlackElo "1965"]
[PlyCount "101"]
[EventDate "2014.08.02"]
[EventType "swiss"]
[EventRounds "9"]
[EventCountry "ESP"]
[Source "lmi"]
[SourceDate "2014.08.02"]

1. d4 Nf6 2. Nf3 g6 3. Bf4 Bg7 4. c3 O-O 5. Nbd2 c5 6. e3 cxd4 7. exd4 d6 8.
Be2 b6 9. O-O Bb7 10. Re1 Nbd7 11. Bc4 Nd5 12. Bg5 N7f6 13. h3 Qc7 14. Bb3 a6
15. Nf1 b5 16. a3 Nb6 17. Ne3 Nc4 18. a4 bxa4 19. Ba2 e6 20. Nd2 Bd5 21. Qe2
Rfe8 22. Rab1 Qc6 23. f3 h6 24. Bf4 Nh5 25. Bh2 g5 26. Ne4 Nf4 27. Bxf4 gxf4
28. Qf2 e5 29. dxe5 dxe5 30. Red1 Be6 31. Kh1 Rab8 32. Qe2 Rbd8 33. Rxd8 Rxd8
34. Rd1 Rxd1+ 35. Qxd1 Qb6 36. Qe2 Qxe3 37. Bxc4 Bxc4 38. Qxc4 Qc1+ 39. Kh2
Qxb2 40. Qxa6 Qb3 41. Qc8+ Kh7 42. c4 Qb6 43. c5 Qg6 44. Qg4 Qc6 45. Qf5+ Kh8
46. h4 Qc7 47. g4 Qe7 48. Kh3 Qb7 49. Nf6 Bxf6 50. Qxf6+ Kh7 51. Qxe5 1-0

[Event "40 Obert Ciutat de Badalona 2014 B"]
[Site "Badalona ESP"]
[Date "2014.08.10"]
[Round "9.4"]
[White "Iglesias Fernandez, Luis"]
[Black "Baltasar Diaz, Vicente"]
[Result "0-1"]
[WhiteElo "1844"]
[BlackElo "1932"]
[PlyCount "83"]
[EventDate "2014.08.02"]
[EventType "swiss"]
[EventRounds "9"]
[EventCountry "ESP"]
[Source "lmi"]
[SourceDate "2014.08.02"]

1. d4 d5 2. Bf4 Nf6 3. Nf3 e6 4. e3 Be7 5. Bd3 b6 6. Ne5 O-O 7. h4 c5 8. c3
cxd4 9. exd4 Ne4 10. Qh5 f6 11. Nf3 e5 12. dxe5 fxe5 13. Bxe5 Rf5 14. Ng5 Bxg5
15. hxg5 Rxe5 16. Qxh7+ Kf7 17. g6+ Ke6 18. f4 Ng5+ 19. fxe5 Nxh7 20. gxh7 Qh8
21. O-O Ba6 22. Bf5+ Ke7 23. Rd1 Bc8 24. Bg6 Be6 25. c4 dxc4 26. Nc3 Nd7 27.
Nd5+ Bxd5 28. Rxd5 Nf8 29. Bf5 g6 30. Be4 Qxh7 31. Rad1 Qh6 32. R1d4 Rc8 33.
Rd6 Qc1+ 34. Kh2 Qxb2 35. e6 c3 36. Bc6 c2 37. Rd7+ Nxd7 38. exd7 Rd8 39. Re4+
Kd6 40. Re8 c1=Q 41. Rxd8 Qxc6 42. Rg8 0-1

[Event "40 Obert Ciutat de Badalona 2014 B"]
[Site "Badalona ESP"]
[Date "2014.08.10"]
[Round "9.5"]
[White "Delgadillo Torrico, Felipe"]
[Black "Alves Garcia, Eric"]
[Result "1-0"]
[WhiteElo "2053"]
[BlackElo "1871"]
[PlyCount "95"]
[EventDate "2014.08.02"]
[EventType "swiss"]
[EventRounds "9"]
[EventCountry "ESP"]
[Source "lmi"]
[SourceDate "2014.08.02"]

1. e4 c6 2. d4 d5 3. e5 c5 4. c3 Nc6 5. Bb5 e6 6. Ne2 Qb6 7. Bxc6+ bxc6 8. O-O
Ba6 9. Re1 Ne7 10. dxc5 Qxc5 11. Be3 Qb5 12. b3 Nf5 13. Nd4 Nxd4 14. cxd4 Bb4
15. Nd2 O-O 16. a3 Be7 17. b4 Bc8 18. Nb3 Rb8 19. Qc2 Bd7 20. Rac1 Rfc8 21. Qd2
Be8 22. Bg5 Bxg5 23. Qxg5 Qd3 24. Qe3 Qxe3 25. fxe3 f6 26. exf6 gxf6 27. Rc3
Kf7 28. Rec1 Ke7 29. Rc5 Kd6 30. Ra5 Rc7 31. Rf1 Rf7 32. Rc1 e5 33. Ra6 Rc7 34.
Rc5 Rb6 35. Ra4 Rb5 36. Rc3 Bg6 37. Kf2 Be4 38. Nc5 exd4 39. Nxe4+ dxe4 40.
exd4 Kd5 41. Ke3 f5 42. g3 h5 43. Ra6 Kd6 44. Rc2 Rb6 45. Ra5 Rb5 46. Rc5 Ke6
47. Raxb5 cxb5 48. Rxc7 1-0

[Event "40 Obert Ciutat de Badalona 2014 B"]
[Site "Badalona ESP"]
[Date "2014.08.10"]
[Round "9.6"]
[White "Viñas Serrano, Jordi"]
[Black "Rodriguez Rodriguez, Tomas"]
[Result "0-1"]
[WhiteElo "2026"]
[BlackElo "1918"]
[PlyCount "46"]
[EventDate "2014.08.02"]
[EventType "swiss"]
[EventRounds "9"]
[EventCountry "ESP"]
[Source "lmi"]
[SourceDate "2014.08.02"]

1. d4 d5 2. g3 Nf6 3. Nf3 e6 4. Bg2 c5 5. O-O cxd4 6. Nxd4 Be7 7. c4 dxc4 8.
Qa4+ Nbd7 9. Rd1 a6 10. Qxc4 O-O 11. Nc3 Rb8 12. Qb3 Qa5 13. Nf3 b5 14. Bf4 Rb7
15. Ne5 Nxe5 16. Bxb7 Bxb7 17. Bxe5 b4 18. Bxf6 Bxf6 19. Nb1 Bd5 20. Rxd5 Qxd5
21. Qxb4 Qd1+ 22. Kg2 Qc1 23. h4 Rd8 0-1

[Event "40 Obert Ciutat de Badalona 2014 B"]
[Site "Badalona ESP"]
[Date "2014.08.10"]
[Round "9.7"]
[White "Urrutia Mule, Oriol"]
[Black "Pallares Gurrea, Aitor Alexander"]
[Result "1-0"]
[WhiteElo "1933"]
[BlackElo "1956"]
[PlyCount "101"]
[EventDate "2014.08.02"]
[EventType "swiss"]
[EventRounds "9"]
[EventCountry "ESP"]
[Source "lmi"]
[SourceDate "2014.08.02"]

1. e4 e5 2. Nc3 Nf6 3. g3 Bc5 4. Bg2 O-O 5. Nge2 Nc6 6. O-O d6 7. Na4 Bb6 8.
Nxb6 axb6 9. d4 Ne7 10. Bg5 Ng6 11. Nc3 h6 12. Bxf6 Qxf6 13. Nd5 Qd8 14. Ne3
Bd7 15. d5 f5 16. exf5 Bxf5 17. Nxf5 Rxf5 18. Bh3 Rg5 19. Be6+ Kh8 20. Kh1 Nf8
21. h4 Rg6 22. Qh5 Rf6 23. Bf5 Qe8 24. Qxe8 Rxe8 25. Be4 g5 26. hxg5 hxg5 27.
Kg2 Kg7 28. Rh1 Re7 29. Rh5 Kf7 30. Rxg5 Ke8 31. Rh1 Ref7 32. f3 Ke7 33. Rh8
Kd7 34. Rgg8 c6 35. c4 Kc7 36. b3 b5 37. cxb5 cxb5 38. b4 Kb6 39. a3 Nd7 40. g4
Rf4 41. g5 Kc7 42. Rc8+ Kb6 43. Rh6 Rg7 44. Rxd6+ Ka7 45. Rg6 Nb6 46. Rxg7 Nxc8
47. Rg6 Nb6 48. Kg3 Nc4 49. Rf6 Rxf6 50. gxf6 Nd6 51. Bg6 1-0

[Event "40 Obert Ciutat de Badalona 2014 B"]
[Site "Badalona ESP"]
[Date "2014.08.10"]
[Round "9.8"]
[White "Romero Castejón, Daniel"]
[Black "Gouma, Ronald"]
[Result "0-1"]
[WhiteElo "1933"]
[BlackElo "1897"]
[PlyCount "124"]
[EventDate "2014.08.02"]
[EventType "swiss"]
[EventRounds "9"]
[EventCountry "ESP"]
[Source "lmi"]
[SourceDate "2014.08.02"]

1. e4 c5 2. Nf3 Nc6 3. d4 cxd4 4. Nxd4 Nf6 5. Nc3 e5 6. Nf3 Bb4 7. Bg5 Bxc3+ 8.
bxc3 Qa5 9. Bd3 Qxc3+ 10. Bd2 Qc5 11. O-O O-O 12. Re1 h6 13. Rb1 Qe7 14. Bc4 d6
15. Nh4 Kh7 16. Bc3 Be6 17. Bxe6 fxe6 18. Qd3 Rf7 19. g3 g5 20. Ng2 Nh5 21.
Red1 Rd8 22. Ne3 Qf8 23. Nc4 Kg8 24. Nxd6 Rfd7 25. Qe2 Nxg3 26. fxg3 Rxd6 27.
Rf1 Qg7 28. Qh5 R6d7 29. Qg4 Qg6 30. h4 h5 31. Qxg5 Qxg5 32. hxg5 Rg7 33. Rf3
Nd4 34. Bxd4 Rxd4 35. Re3 b6 36. Kf1 Rxg5 37. Ke2 Rc4 38. Kd3 Ra4 39. Rb2 Rg4
40. c3 Kf7 41. Rh2 Rg5 42. Rf2+ Ke7 43. Rb2 Kd6 44. Rf2 b5 45. Rb2 a6 46. Kc2
Rg4 47. Kd3 Kc5 48. Rh2 Rg5 49. Rf2 Ra3 50. Rb2 a5 51. Kc2 Kc4 52. Rd3 Rg4 53.
Re3 b4 54. Rb3 Rxa2+ 55. Kb1 Kxb3 56. cxb4+ Kxb4 57. Kxa2 a4 58. Kb2 h4 59.
gxh4 Rxh4 60. Re2 Rf4 61. Ka2 Kc4 62. Ka3 Kd4 0-1

[Event "40 Obert Ciutat de Badalona 2014 B"]
[Site "Badalona ESP"]
[Date "2014.08.10"]
[Round "9.9"]
[White "Ramal Mata, Rodrigo"]
[Black "Garcia Sanchez, Aitor"]
[Result "1-0"]
[WhiteElo "2084"]
[BlackElo "1967"]
[PlyCount "81"]
[EventDate "2014.08.02"]
[EventType "swiss"]
[EventRounds "9"]
[EventCountry "ESP"]
[Source "lmi"]
[SourceDate "2014.08.02"]

1. d4 d6 2. e4 e5 3. dxe5 Qe7 4. Nf3 f6 5. exd6 Qxe4+ 6. Be3 Bxd6 7. Nbd2 Qb4
8. a3 Qa4 9. Bc4 Bf5 10. Nd4 Qd7 11. Qf3 Nc6 12. Nxf5 O-O-O 13. Bb5 Be5 14.
O-O-O g6 15. Bxc6 Qxc6 16. Qxc6 bxc6 17. Ng3 Ne7 18. Nc4 Bxg3 19. Rxd8+ Rxd8
20. hxg3 h5 21. Bxa7 Kb7 22. Bc5 Nf5 23. Na5+ Ka6 24. Nxc6 Re8 25. Nd4 Ng7 26.
Kd2 Rd8 27. Kc3 Rd5 28. b4 g5 29. Kc4 Re5 30. a4 Re4 31. f3 Re3 32. a5 g4 33.
b5+ Kb7 34. a6+ Ka8 35. Rd1 Re8 36. b6 cxb6 37. Bxb6 Rc8+ 38. Kb5 f5 39. Nc6
Ne8 40. Rd7 Nc7+ 41. Bxc7 1-0

[Event "40 Obert Ciutat de Badalona 2014 B"]
[Site "Badalona ESP"]
[Date "2014.08.10"]
[Round "9.10"]
[White "Sanchez Ocal, Pablo"]
[Black "Reginaldo Huix, Pere"]
[Result "1-0"]
[WhiteElo "1853"]
[BlackElo "2075"]
[PlyCount "61"]
[EventDate "2014.08.02"]
[EventType "swiss"]
[EventRounds "9"]
[EventCountry "ESP"]
[Source "lmi"]
[SourceDate "2014.08.02"]

1. e4 e6 2. d4 f5 3. exf5 exf5 4. Bd3 d5 5. Nf3 Nf6 6. O-O Bd6 7. Re1+ Ne4 8.
Bg5 Qd7 9. c4 c6 10. Nc3 O-O 11. cxd5 Nxc3 12. dxc6 Nxd1 13. cxd7 Nxb2 14.
dxc8=Q Rxc8 15. Bxf5 Rf8 16. Be4 Nc6 17. Rab1 Na4 18. Rxb7 Rac8 19. Bd5+ Kh8
20. Bxc6 Rxc6 21. Rxa7 Nc3 22. Be7 Bxe7 23. Rexe7 Nb5 24. Rad7 Rc2 25. h3 Ra8
26. Ne5 Nc3 27. Rxg7 Ne2+ 28. Kh2 Nf4 29. Ng4 h5 30. Rh7+ Kg8 31. Nh6+ 1-0